Акустический вариант параметров для анизотропных коэффициентов Пуассона кубических кристаллов; Сборник трудов Научной конференции "Сессия Научного совета РАН по акустике и XXV Сессия Российского акустического общества", Таганрог, 17-20 сентября 2012 г.; Т. 1 : Физическая акустика. Нелинейная акустика. Распространение и дифракция волн. Акустоэлектроника. Геоакустика
| Parent link: | Сборник трудов Научной конференции "Сессия Научного совета РАН по акустике и XXV Сессия Российского акустического общества", Таганрог, 17-20 сентября 2012 г..— , 2012 Т. 1 : Физическая акустика. Нелинейная акустика. Распространение и дифракция волн. Акустоэлектроника. Геоакустика.— 2012.— C. 35-38 |
|---|---|
| Автор: | |
| Інші автори: | |
| Резюме: | На основе теории упругости и физической акустики предложены новые соотношения между коэффициентами Пуассона в трех кристаллографических направлениях кубической сингонии и отношения скоростей продольных и поперечных волн. В фонде НТБ ТПУ отсутствует |
| Мова: | Російська |
| Опубліковано: |
2012
|
| Предмети: | |
| Формат: | MixedMaterials Частина з книги |
| KOHA link: | https://koha.lib.tpu.ru/cgi-bin/koha/opac-detail.pl?biblionumber=597854 |
MARC
| LEADER | 00000naa0a2200000 4500 | ||
|---|---|---|---|
| 001 | 597854 | ||
| 005 | 20250213164244.0 | ||
| 035 | |a (RuTPU)RU\TPU\tpu\21268 | ||
| 035 | |a RU\TPU\tpu\21209 | ||
| 090 | |a 597854 | ||
| 100 | |a 20120517d2012 k y0rusy50 ca | ||
| 101 | 0 | |a rus | |
| 102 | |a RU | ||
| 200 | 1 | |a Акустический вариант параметров для анизотропных коэффициентов Пуассона кубических кристаллов |f В. Н. Беломестных, Э. Г. Соболева | |
| 320 | |a Библиогр.: 25 назв. | ||
| 330 | |a На основе теории упругости и физической акустики предложены новые соотношения между коэффициентами Пуассона в трех кристаллографических направлениях кубической сингонии и отношения скоростей продольных и поперечных волн. | ||
| 333 | |a В фонде НТБ ТПУ отсутствует | ||
| 461 | |t Сборник трудов Научной конференции "Сессия Научного совета РАН по акустике и XXV Сессия Российского акустического общества", Таганрог, 17-20 сентября 2012 г. |d 2012 | ||
| 463 | |t Т. 1 : Физическая акустика. Нелинейная акустика. Распространение и дифракция волн. Акустоэлектроника. Геоакустика |v C. 35-38 |d 2012 | ||
| 610 | 1 | |a труды учёных ТПУ | |
| 700 | 1 | |a Беломестных |b В. Н. |c физик, физико-химик |c профессор Юргинского технологического института (филиал) Томского политехничесого университета |f 1939- |g Владимир Николаевич |3 (RuTPU)RU\TPU\pers\25113 | |
| 701 | 1 | |a Соболева |b Э. Г. |c физик |c доцент Юргинского технологического института (филиал) Томского политехнического университета, кандидат физико-математических наук |f 1976- |g Эльвира Гомеровна |3 (RuTPU)RU\TPU\pers\27511 | |
| 801 | 1 | |a RU |b 63413507 |c 20100504 | |
| 801 | 2 | |a RU |b 63413507 |c 20141126 |g RCR | |
| 942 | |c BK | ||